000 00425nam a22001817a 4500
003 MPLRDC
005 20220104143430.0
008 210129b ||||| |||| 00| 0 eng d
020 _a7-5009-0367-7
082 _a997.12 XJ
100 _a徐坚等编选
245 _a北斗棋苑选粹
_c
250 _a一版一刷
260 _a
_b人民体育出版社
_c1989
300 _b
650 _a
942 _cBK
_o997.12 XJ
999 _c39845
_d39835